| 000 | 00581nam a2200193 a 4500 | ||
|---|---|---|---|
| 001 | 2639 | ||
| 005 | 20140414131909.0 | ||
| 008 | 050627s19uu xx 00 eng d | ||
| 020 | _a0-307-10907-0 | ||
| 050 |
_aER _bAr1 1987 |
||
| 100 | _aCalmeson, Stephanie | ||
| 245 |
_aArthur's good manners / _cby Stephanie Calmenson ; illustrated by Lisa McCue Karsten. |
||
| 260 |
_aNew York : _bA Golden Book, _c1987. |
||
| 300 | _a1 v. p. : ill. ; cm. | ||
| 500 | _apreviously title Spaghetti Manners | ||
| 650 |
_aManners _xFiction. |
||
| 650 | _aChildren stories. | ||
| 999 |
_c111107 _d111107 |
||